MARC

LEADER 00000nab a2200000 a 4500
001 vtls000428065
003 SK-MaSNL
005 20260305003718.0
008 120925c1991 xo 0 slo
015 |a SNBRB19rr/mm-uuuuu 
035 |a CL0428193 
040 |a SNKBUCL  |b slo  |c SNKBUCL  |e AACR2 
041 0 |a slo 
044 |a xo  |c SK 
080 |a 792.091.4  |2 1981 
080 |a 792.2  |2 1981 
100 1 |a Stanček, Ľubomír  |4 aut  |9 267870 
245 1 0 |a Známka kvality od Guardiana  |b Úspešné hosťovanie Divadla SNP v Martine v Edinburghu  |c Viliam Hriadel, Ľubomír Stanček 
600 1 7 |a Brecht, Bertolt,  |d 1898-1956  |t Baal  |2 snkbucl  |9 121950 
600 1 7 |a Marivaux, Pierre Carlet de Chamblain de,  |d 1688-1763  |t Dotyky a spojenia (Spor)  |2 snkbucl  |9 169771 
610 2 7 |a Divadlo Slovenského národného povstania  |2 snkbucl  |9 232430 
611 2 7 |a Edinburský medzinárodný festival  |d (1991 : Edinburgh, Škótsko)  |2 snkbucl  |9 124692 
648 7 |a 1991  |2 snkbucl  |9 277043 
650 0 7 |a divadelné festivaly a prehliadky  |2 snkbucl  |9 3350 
651 7 |a Edinburgh (Škótsko)  |2 snkbucl  |9 13254 
655 7 |a rozhovory  |2 snkbucl  |9 31831 
655 7 |a články z novín a časopisov  |2 snkbucl  |9 267496 
700 1 |a Hriadel, Viliam,  |d 1945-  |4 aut  |9 249822 
773 0 |t Pravda  |g Roč. 72, č. 212 (10. 9. 1991), s. 7 
850 |a Slovenská národná knižnica v Martine  |a MTA001 
852 |a SNK  |b KIS3GCP 
992 |a RBX 
999 |c 3231850  |d 3233780